00663nam a2200241 a 4500001001300000003000900013005001700022008004100039020001000080082001500090100002900105245002400134260003200158300001000190500003500200505001600235650001600251700002900267902000800296942000700304952009500311999001500406nice12345678IN_TiNIC20260116011538.0050524s1307 lona grp 000 0 ara  ac10000a297.4bASB aAsbahani, Abdul Faraj Al aMaqatilut Talibeen. aLondon bNo Publisherc1307 a235p. aincludes index and biblioraphy2 aIndex, 145p aSufism-Iran1 aAsbahani, Abdul Faraj Al bRBA cBK 00104070aHMIbHMId2007-08-09g100.00l0o297.4 ASBp04550r2007-08-09w2026-01-16yEB c2511d2511